| 000 | 00749nam a2200217 a 4500 | ||
|---|---|---|---|
| 999 |
_c6434 _d6434 |
||
| 001 | 6434 | ||
| 003 | BD-JhCC | ||
| 005 | 20180123193324.0 | ||
| 008 | 180123s1975 bg ||||| |||| 00| 0 ben d | ||
| 035 | _a(BD-JhCC) | ||
| 040 |
_aBD-JhCC _dBD-JhCC |
||
| 041 | _aben | ||
| 082 |
_a297.63 _bHAI 1975 |
||
| 100 | _aহাই, সলিম মুহান্মদ আব্দুল, আবু | ||
| 245 |
_aরাসূলুল্লাহর বিপ্লবী জীবন / _cআবু সলিম মুহান্মদ আব্দুল হাই |
||
| 260 |
_aঢাকা : _bখোশরোজ কিতাব মহল, _c১৯৭৫ |
||
| 300 |
_a178 p. : _c20cm. |
||
| 650 | _aThe prophet (sm) | ||
| 942 |
_2ddc _cBK |
||